LEADER 01433nam0 2200325 450 001 000033812 005 20210907130249.0 010 $a978-88-6453-732-0 100 $a20210907d2018----km-y0itay50------ba 101 0 $aita 102 $aIT 105 $ay-------001yy 200 1 $a<< Il >>'68 dei professori$el'Associazione nazionale docenti universitari, Giorgio Spini e la riforma dell'università$eatti del convegno L'archivio dell'ANDU (1968-1971) tenuto a Firenze il 23 settembre 2016$fa cura di Lucilla Conigliello, Chiara Melacca 210 $aFirenze$cFirenze University Press$d2018 215 $a127 p.$cill.$d24 cm. 225 2 $aProceedings e report$v120 300 $aAltra edizione: ISBN 9788864537337 (online - http://digital.casalini.it/9788864537337) 410 0$12001$aProceedings e report$v120 500 10$a<< Il >>'68 dei professori$91867244 517 1 $a<>sessantotto dei professori. 610 1 $aAssociazione nazionale docenti universitari$a1968-1971$aDocumenti d'archivio$aAtti di congressi 610 1 $aSpini, Giorgio$aAtti di congressi 676 $a378.120945$v23$9Educazione superiore. Corpo docente e insegnamento universitario. Italia 702 1$aMelacca,$bChiara 702 1$aConigliello,$bLucilla 801 0$aIT$bUNIPARTHENOPE$c20210907$gRICA$2UNIMARC 912 $a000033812 951 $a378-S/5$b48268$cNAVA1$d2021 996 $a68 dei professori$91867244 997 $aUNIPARTHENOPE LEADER 02728nam 2200637 a 450 001 996201268803316 005 20230607222353.0 010 $a1-282-34848-5 010 $a9786612348488 010 $a0-470-69384-3 010 $a0-470-69307-X 035 $a(CKB)1000000000687624 035 $a(EBL)470595 035 $a(OCoLC)609849568 035 $a(SSID)ssj0000299360 035 $a(PQKBManifestationID)11239525 035 $a(PQKBTitleCode)TC0000299360 035 $a(PQKBWorkID)10241707 035 $a(PQKB)10998018 035 $a(MiAaPQ)EBC470595 035 $a(EXLCZ)991000000000687624 100 $a20001025d2001 uy 0 101 0 $aeng 135 $aur|n|---||||| 181 $ctxt 182 $cc 183 $acr 200 10$aImmunization$b[electronic resource] $echildhood and travel health /$fGeorge C. Kassianos ; foreword by Mike Pringle 205 $a4th ed. 210 $aOxford ;$aMalden, Mass. $cBlackwell Science$d2001 215 $a1 online resource (450 p.) 300 $aTwo columns to the page. 311 $a0-632-05581-2 320 $aIncludes bibliographical references and index. 327 $apt. 1. Introduction to immunization and vaccines -- pt. 2. The UK national immunization programme vaccines -- pt. 3. The other vaccines -- pt. 4. The practice and immunization -- pt. 5. Travel health -- pt. 6. Immunization and travel information resources. 330 $aImmunization: Childhood and Travel Health provides an all-encompassing reference for all those working in primary care, secondary care paediatric wards, immunization centres and travel clinics, as well as medical students and candidates working for higher examinations. The Fourth Edition has been comprehensively updated and the travel section completely revised. The book gives a thorough introduction to the history of immunization, vaccine technology and immunology, and compares international schedules of routine immunizations. Each vaccine is then presented separately, including contraindi 606 $aImmunization of children$vHandbooks, manuals, etc 606 $aTravel$xHealth aspects$vHandbooks, manuals, etc 606 $aImmunization$vHandbooks, manuals, etc 606 $aVaccination$vHandbooks, manuals, etc 615 0$aImmunization of children 615 0$aTravel$xHealth aspects 615 0$aImmunization 615 0$aVaccination 676 $a614.4 676 $a614.4/7 676 $a614.47 700 $aKassianos$b George C$0929533 701 $aPringle$b Mike$0929534 801 0$bMiAaPQ 801 1$bMiAaPQ 801 2$bMiAaPQ 906 $aBOOK 912 $a996201268803316 996 $aImmunization$92089458 997 $aUNISA